[Event "Sofia MTel Masters 3rd"]
[Site "Sofia"]
[Date "2007.05.13"]
[Round "4"]
[White "Kamsky, Gata"]
[Black "Adams, Michael"]
[Result "1/2-1/2"]
[WhiteElo "2705"]
[BlackElo "2734"]
[Annotator "Marin,M"]
[PlyCount "187"]
[EventDate "2007.05.10"]
[EventType "tourn"]
[EventRounds "10"]
[EventCountry "BUL"]
[EventCategory "19"]
[SourceTitle "CBM 118"]
[Source "ChessBase"]
[SourceDate "2007.05.31"]
[SourceVersion "1"]
[SourceVersionDate "2007.05.31"]
[SourceQuality "1"]

1. e4 e5 2. Nf3 Nc6 3. Bb5 a6 4. Ba4 Nf6 5. O-O Be7 6. Re1 d6 {A curious
hybrid between the normal classical lines and the delayed Steinitz variation,
which has been relatively popularlately. Adams is the leading expert with
Black.} 7. c3 Bg4 8. h3 Bh5 {In the long run, the bishop will remain
relatively passive here (or on g6). However, the unpleasant pin along the
d1-h5 diagonal will allow Black improve the position of the other minor pieces.
Later, the light-squared bishop could be recycled with ...f6 and ...Bf7.} 9. d3
Nd7 10. Be3 h6 11. Nbd2 (11. g4 $5 {Topalov,V (2801)-Mamedyarov,S (2709)/Wijk
aan Zee 2006/CBM 111/[Finkel,A] (1/2-1/2, 46)}) 11... Bg5 {This is one of the
consequences of the pin: Black can exchange the dark-squared bishops.} 12. Bxc6
{A rather straightforward continuation.} ({Adams has had some experience
against the more restraiined} 12. Qe2 Bxe3 13. Qxe3 O-O ({It requires good
nerves to live with the permanent threat of Bxc6, spoiling Black's queenside
structure. However, removing this possibility with} 13... b5 {weakens the
queenside without eliminating the enemy bishop. The following game is a good
illustration.} 14. Bc2 O-O 15. Nf1 Bg6 16. Ng3 Nf6 17. b4 {Preparing the
activation of the bishop to b3, without fearing ...Na5.} d5 18. Bb3 d4 {
With his bishop on g6, Black has problems maintaining the tension in the
centre. The bold advance of the d-pawn would be OK for him only if... the
b-pawn was on its initial square!} 19. cxd4 exd4 20. Qd2 a5 21. a3 axb4 22.
axb4 Rxa1 23. Rxa1 Qe7 24. Rc1 $1 $16 {and Black could not defend his numerous
pawn weakneses in adequate way, Karjakin,S (2672)-Harikrishna,P (2674)/Cap
d'Agde 2006/CBM 115 (1-0, 36)}) 14. b4 {White gradually increases his
queenside pressure.} ({The immediate} 14. Bxc6 bxc6 {[%cal Yc6c5] does not
offer White too much. Black threatens to consolidate his centre with ...c5,
while after} 15. b4 {he gets rid of his isolated pawn with} a5 $1 $132 {
Anand,V (2788)-Adams,M (2718)/Bastia 2005/EXT 2006 (1/2-1/2, 34)}) 14... Re8
15. a3 {White makes all possible useful moves on the queenside, waiting for
Black to define his intentions.} Nb6 {Black probably felt that he cannot
improve his position further and forces White to make a concrete decision.} {
The only way to fight for an advantage.} 16. Bxc6 (16. Bb3 d5 $11) 16... bxc6
17. Nb3 {White has managed to prevent the freeing moves ...a5 and ...c5 and
hopes to get a static advantage.} d5 $3 {At first sight, this move seems like
a strategic suicide: Black gives up the control of the c5-square without a
fight. However, Adams correctly foresaw that the control of the only open file
(after a further ...dxe4) will allow him maintain the balance even. It was not
entirely clear how White would have made further progress if Black had adopted
a neutral policy, but it is better to clear matters as soon as possible than
endure a long suffering.} 18. Nc5 Nd7 19. Nxd7 Qxd7 20. Nd2 Qe6 21. Reb1 Rad8
22. Nb3 dxe4 23. Nc5 Qd5 24. dxe4 Qc4 25. f3 {White has to somewhat weaken his
kingside position in order to neutralise the bishop's action.} Rd6 $132 {
[%cal Yf7f6,Yh5f7,Ye8d8] Leko,P (2749)-Adams,M (2741)/Wijk aan Zee 2005/CBM
105 (1/2-1/2, 41)}) ({The slightly extravagant} 12. d4 Bxe3 13. fxe3 {fails to
bother Black, who enjoys high stability on dark squares. Besides, once the
e4-pawn has been indirectly weakened, the bishop's placement on g6 or h7 makes
a lot of sense.} O-O 14. Nf1 Bg6 15. Ng3 Nf6 16. Bc2 Re8 17. Qd2 Nh5 18. Qf2 (
18. Nf5 {is more ambitious, although after} Bxf5 19. exf5 e4 20. Nh2 Qh4 {
Black's stability is not shattered in any way.}) 18... Nxg3 19. Qxg3 Bh7 20.
Re2 Qe7 21. Rf1 Rf8 22. Nd2 Rae8 23. Ref2 Nd8 24. Bb1 Qg5 25. Qf3 Ne6 26. g3 {
Black has regrouped in optimal way and can open play already.} exd4 27. exd4
Qb5 28. b4 Ng5 29. Qg2 d5 30. e5 Bxb1 31. Rxb1 Qd3 32. Rc1 f6 $132 {Ponomariov,
R (2743)-Adams,M (2745)/Bled 2002/EXT 2003 (1/2-1/2, 48). Black already has a
light initiative.}) 12... bxc6 13. d4 $146 {White's play seems slightly less
refined than in the game Leko-Adams, but the idea is basically the same: to
prevent Black from arranging his pawns in optimal way, namely with ...c5.} ({
From this point of view,} 13. Qa4 {does not make too much sense: White
provokes the generally favourable advance of the c-pawn.} Bxe3 14. Rxe3 c5 15.
d4 exd4 16. cxd4 O-O 17. Qc2 Re8 18. Rae1 Bg6 $11 {Morozevich,A (2590)-Najer,E
(2515)/Zagan 1997/CBM 059 ext (1-0, 59)}) 13... Bxe3 14. Rxe3 O-O 15. b4 (15.
dxe5 {frees Black from all his worries after} Nxe5 $11) (15. g4 Bg6 16. dxe5
Nxe5 17. Nxe5 dxe5 {weakens the c5-square but also his own king's position.}
18. b4 Qh4 19. Nb3 Rfd8 20. Qf3 Rd6 $132) 15... a5 16. a3 axb4 ({There was no
need to hurry with this exchange, which offers White additional possibilities.
Adams probably overlooked Kamsky's 18th move. The immediate} 16... Qf6 $11 {
would have offered Black comfortable play, without the necessity of embarking
the kind of sharp lines from the game. But maybe sharp play was exactly what
Adams was striving for?!}) 17. axb4 Qf6 {Black completes his development by
connecting rooks and puts the slightly over-extended enemy centre under some
pressure.} 18. Ra5 $1 {A typical way to fight for the control of the a-file.
Besides, the e5-pawn is submitted to strong pressure.} exd4 {In view of the
potential threat dxe5 (eventually after g4) Black had to release the tension
in one of the critical points. It would hardly make sense to provide White
with a passed pawn by exchanging on a5, which makes the move played in the
game a reasonable choice.} 19. cxd4 c5 {Black does his best to question the
enemy rook's stability.} 20. Qa1 (20. Nb3 {[%cal Ya5h5]} cxd4 $1 $11 {[%csl
Ye3]}) 20... Nb6 21. e5 (21. dxc5 $4 Qxa1+ $1 $19) (21. bxc5 dxc5 {is likely
to transpose below.}) 21... Qg6 {A very interesting position. The whole board
is on fire, with several points of tension.} 22. dxc5 dxc5 23. g4 {Kamsky
found no better way to continue than "win" this bishop. It is true that other
continuations do not seem to offer him an advantage.} (23. bxc5 Rxa5 24. Qxa5
Ra8 25. Qb5 (25. Qb4 $2 Nd5 26. Qe4 Ra1+ 27. Kh2 Nxe3 $17) 25... Nd5 26. g4
Bxg4 27. hxg4 Qxg4+ 28. Kh2 $8 (28. Kf1 $2 Ra1+ 29. Re1 Qh3+ 30. Kg1 Nf4 31.
Qf1 Rxe1 32. Nxe1 Qg4+ 33. Kh2 Qh5+ 34. Kg3 Ne2+ 35. Kg2 Qg5+ 36. Kh1 Qxd2 $19)
{and now Black can choose between giving perpetual check and continuing
playing with} 28... Nxe3 29. fxe3 Ra3 $44) (23. Rea3 Bxf3 24. Nxf3 cxb4 25.
Rxa8 bxa3 26. Rxf8+ Kxf8 27. Qxa3+ Ke8 28. Qc5 Kd7 $11) 23... Bxg4 24. hxg4
Qxg4+ 25. Kf1 cxb4 $15 {With 3 pawns for a knight and the safer position of
the king, Black's chances are preferable. In the event of the exchange of
queens, his queenside pawns could become very threatening.} 26. Rxa8 Rxa8 27.
Qd4 Qxd4 28. Nxd4 c5 29. Nc6 Nd5 30. Re1 Ra6 31. Nd8 Ra2 32. Nc4 Rc2 33. Na5 c4
34. e6 fxe6 35. Nxe6 b3 36. Nd4 Ra2 37. Nxc4 Ra4 38. Re8+ Kh7 39. Nxb3 Rxc4 40.
Nd2 Rc2 41. Ne4 Nf4 42. f3 g5 43. Ra8 Rc6 44. Rd8 Kg6 45. Rd6+ Rxd6 46. Nxd6 h5
47. Kf2 h4 48. Ne4 Kf5 49. Nd6+ Ke5 50. Nf7+ Kf6 51. Nd6 Nd5 52. Ne4+ Kf5 53.
Nc5 Ke5 54. Nd7+ Kd4 55. Nf8 Nf4 56. Nh7 Ne6 57. Nf6 Ke5 58. Ng4+ Kf5 59. Ke3
Nf4 60. Nh6+ Kg6 61. Ng4 Nd5+ 62. Ke2 Kf5 63. Nf2 Ke5 64. Kf1 Nf4 65. Ng4+ Kd4
66. Kf2 Nd3+ 67. Ke2 Ne5 68. Nf2 Ng6 69. Ng4 Kd5 70. Kf2 Ne5 71. Nf6+ Ke6 72.
Ne4 Kf5 73. Nc5 Nc4 74. Nd3 Ne5 75. Nc5 Nc6 76. Nd3 Nd4 77. Nc5 Ne6 78. Nd3 Nf4
79. Nb4 Ke6 80. Nc6 Nd5 81. Nd4+ Kd6 82. Nb3 Nf4 83. Nd4 Ke5 84. Nc6+ Ke6 85.
Nd4+ Kd5 86. Nf5 Ke5 87. Ne3 Nd3+ 88. Kg2 Nf4+ 89. Kf2 Ne6 90. Nc2 Nc5 91. Ne3
Ne6 92. Nc2 Nd4 93. Nb4 Ne6 94. Nc2 1/2-1/2

[Event "Sofia MTel Masters 3rd"]
[Site "Sofia"]
[Date "2007.05.14"]
[Round "5"]
[White "Topalov, Veselin"]
[Black "Kamsky, Gata"]
[Result "1/2-1/2"]
[WhiteElo "2772"]
[BlackElo "2705"]
[PlyCount "85"]
[EventDate "2007.05.10"]
[EventType "tourn"]
[EventRounds "10"]
[EventCountry "BUL"]
[EventCategory "19"]
[SourceTitle "CBM 118"]
[Source "ChessBase"]
[SourceDate "2007.05.31"]
[SourceVersion "1"]
[SourceVersionDate "2007.05.31"]
[SourceQuality "1"]

1. d4 Nf6 2. c4 e6 3. Nf3 b6 4. g3 Ba6 5. b3 d5 6. Bg2 Bb4+ 7. Bd2 Bxd2+ 8.
Qxd2 c6 9. Ne5 Nfd7 10. Nc3 Nxe5 11. dxe5 Nd7 12. f4 Qe7 13. O-O Rd8 14. Rfd1
O-O 15. Qe3 Rfe8 16. a4 Qb4 17. Na2 Qc5 18. Rd4 f6 19. cxd5 fxe5 20. fxe5 exd5
21. b4 Qe7 22. b5 Bb7 23. bxc6 Bxc6 24. Nb4 Nxe5 25. Rc1 Kh8 26. Nxc6 Nxc6 27.
Qxe7 Nxe7 28. Rc7 Rc8 29. Rxc8 Rxc8 30. Bxd5 Nxd5 31. Rxd5 Kg8 32. a5 bxa5 33.
Rxa5 Rc7 34. e4 Kf7 35. Kg2 Rc2+ 36. Kh3 Rc4 37. Rxa7+ Kf8 38. e5 Rc5 39. e6
Re5 40. Rf7+ Kg8 41. Re7 Kf8 42. Rf7+ Kg8 43. Re7 1/2-1/2

[Event "Sofia MTel Masters 3rd"]
[Site "Sofia"]
[Date "2007.05.18"]
[Round "8"]
[White "Sasikiran, Krishnan"]
[Black "Kamsky, Gata"]
[Result "0-1"]
[WhiteElo "2690"]
[BlackElo "2705"]
[PlyCount "120"]
[EventDate "2007.05.10"]
[EventType "tourn"]
[EventRounds "10"]
[EventCountry "BUL"]
[EventCategory "19"]
[SourceTitle "CBM 118"]
[Source "ChessBase"]
[SourceDate "2007.05.31"]
[SourceVersion "1"]
[SourceVersionDate "2007.05.31"]
[SourceQuality "1"]

1. d4 d5 2. c4 c6 3. Nf3 Nf6 4. Nc3 a6 5. e3 b5 6. c5 g6 7. Bd3 Bg7 8. h3 Bf5
9. Bxf5 gxf5 10. Qc2 Qc8 11. Ne5 Ne4 12. Nd3 Nd7 13. Ne2 Bf6 14. Bd2 Rg8 15. g3
e6 16. O-O-O h5 17. Rdg1 Qc7 18. Nef4 Nxd2 19. Qxd2 h4 20. g4 e5 21. Ne2 e4 22.
Ndf4 fxg4 23. hxg4 Bg5 24. Nh3 f6 25. Nef4 Nf8 26. f3 exf3 27. Rf1 O-O-O 28.
Rxf3 Re8 29. a4 Bh6 30. Nf2 Nh7 31. Ng2 Re6 32. Rxh4 Bg5 33. Rhh3 Rge8 34. Kb1
Nf8 35. Nf4 Bxf4 36. Rxf4 Nh7 37. axb5 axb5 38. Rf5 Ng5 39. Rh1 Rxe3 40. Rxf6
Nf3 41. Rxf3 Rxf3 42. Nd3 Ref8 43. Qe2 Qf7 44. Rh6 Rf1+ 45. Kc2 Rf6 46. Rxf6
Qxf6 47. g5 Qg6 48. Kc3 Qe4 49. Qxe4 dxe4 50. Ne5 Kc7 51. Kd2 Rf2+ 52. Ke3 Rxb2
53. Kxe4 Rg2 54. d5 cxd5+ 55. Kxd5 Rxg5 56. Kd4 Rh5 57. Nd3 Rh4+ 58. Kc3 Kc6
59. Kb3 Kd5 60. Kc2 Kc4 0-1

[Event "Sofia MTel Masters 3rd"]
[Site "Sofia"]
[Date "2007.05.19"]
[Round "9"]
[White "Kamsky, Gata"]
[Black "Topalov, Veselin"]
[Result "1/2-1/2"]
[WhiteElo "2705"]
[BlackElo "2772"]
[PlyCount "101"]
[EventDate "2007.05.10"]
[EventType "tourn"]
[EventRounds "10"]
[EventCountry "BUL"]
[EventCategory "19"]
[SourceTitle "CBM 118"]
[Source "ChessBase"]
[SourceDate "2007.05.31"]
[SourceVersion "1"]
[SourceVersionDate "2007.05.31"]
[SourceQuality "1"]

1. d4 Nf6 2. Nf3 e6 3. Bf4 c5 4. e3 cxd4 5. exd4 b6 6. Nbd2 Be7 7. h3 O-O 8.
Bd3 Ba6 9. Bxa6 Nxa6 10. O-O b5 11. c3 Nc7 12. a4 Ncd5 13. Bh2 a6 14. Qb3 Qb6
15. Ra2 d6 16. Rfa1 Rab8 17. axb5 axb5 18. Ra6 Qd8 19. Ra7 Nc7 20. Ne1 Nfd5 21.
Nd3 Qd7 22. Nb4 Nxb4 23. Qxb4 Qc6 24. c4 Rfc8 25. cxb5 Qc2 26. Nf1 Nd5 27. Qd2
Qb3 28. Ne3 Bf8 29. Bg3 Nxe3 30. Qxe3 Qxb5 31. Qf3 f6 32. R1a6 Rb6 33. Ra1 Qxb2
34. Bf4 d5 35. Be3 Qc2 36. Kh2 Qg6 37. g3 h5 38. Ra8 Rbc6 39. R1a6 Qf7 40. Bf4
Rc3 41. Qe2 Rc2 42. Qe1 Rxa8 43. Rxa8 Qd7 44. Qb1 Rc8 45. Rxc8 Qxc8 46. Qg6 Qc4
47. Be3 e5 48. dxe5 d4 49. e6 dxe3 50. Qf7+ Kh7 51. Qxh5+ 1/2-1/2

[Event "Candidates sf"]
[Site "Elista"]
[Date "2007.05.28"]
[Round "1.2"]
[White "Bacrot, Etienne"]
[Black "Kamsky, Gata"]
[Result "0-1"]
[WhiteElo "2709"]
[BlackElo "2705"]
[Annotator "Marin,M"]
[PlyCount "78"]
[EventDate "2007.05.27"]
[EventType "k.o."]
[EventRounds "12"]
[EventCountry "RUS"]
[SourceTitle "CBM 119"]
[Source "ChessBase"]
[SourceDate "2007.08.01"]
[SourceVersion "1"]
[SourceVersionDate "2007.08.01"]
[SourceQuality "1"]

1. d4 f5 2. g3 Nf6 3. Bg2 g6 4. Nf3 Bg7 5. b4 c6 6. c4 {White has adopted a
strategically aggressive and not very well analysed system of development. His
spatial advantage on the queenside could eventually become threatening if
Black develops slowly in the classic tradition of the Leningrad Dutch.} d5 {
Kamsky immediately adopts counter-measures: he starts fighting for space, too,
even if this means transposing to some sort of hybryd between the Leningrad
and the Stonewall setup. If White had known Black's intentions, he would have
probbaly chosen a different move order: 5.c4 and only after 5...0-0 (5...c6 is
too committal and would have restricted Black's choice after 6.0-0 followed by
7.Nc3) push the b-pawn.} ({Here is a somewhat related game, where Black
combined the ideas of the Leningrad Dutch with those from... the Grünfeld!} 
6... Na6 7. Qb3 d5 8. Nc3 dxc4 {Giving up the centre for the sake of a
blockade on light squares.} 9. Qxc4 Nc7 10. Qd3 Nfd5 11. Nxd5 Qxd5 12. O-O Qb5
13. Qc2 Be6 {Everything seems to work quite fluently for Black.} 14. Bf4 {
However, we can feel that two of his minor pieces are actually competing for
the d5-square.} Nd5 15. Rab1 Nxf4 {In order to install his bishop on d5, Black
decides to give up his knight, but this strengthens White's control on the
centre. It is true that allowing the exchange of the dark-squared bishops with
Be5 would hardly have been better.} 16. gxf4 Bd5 17. Qd2 Rd8 18. e3 O-O 19.
Rfc1 Qa4 {Black has solved the problem of developing in satisfactory way, but
he cannot question White's advantage of space in the centre in any way, since
neither ...e5 now ...c5 are possible.} 20. Rb2 Rd6 21. Ne5 Bxg2 22. Kxg2 Bxe5 {
Rubinstein,A-Alekhine,A/Karlsbad 1911/HCL (1-0, 76). A new exchange that
allows White to capture towards the centre. To a certain extent this evolution
is similar to that from a classic game (where a completely different opening
was played, though).} 23. fxe5 Rd5 24. Rc5 Rfd8 25. Qc2 Qxc2 26. Rbxc2 Kf7 27.
h4 Ke6 28. Kf3 $14 {Sakaev,K (2656)-Minasian,A (2499)/Moscow 2004/CBM 100 (1-0,
52). Black's position looks solid, but he cannot free himself easily. On the
next move he captured on c5, which, after bxc5, only increased White's
influence in the centre and opened the b-file for the rook.}) 7. Nbd2 (7. Qc2
Be6 {This might be a bot premature.} (7... Ne4 $5) 8. c5 {An adequate reaction.
Now that the bishop has been developed, the typical plan ...b6, ...a5 followed
by ...Ba6 is connected with loss of time already.} Ne4 9. a4 Nd7 10. Bb2 O-O
11. Nbd2 Qc7 12. O-O Kh8 13. e3 Bg8 14. Ne1 e5 15. f4 exd4 16. exd4 Ndf6 17.
Nd3 Ng4 18. Rfe1 {White is minimally better in an almost symmetrical position,
because of his attacking possibilities on the queenside.} Nxd2 $6 (18... Rae8)
19. Qxd2 Rae8 20. Ne5 Nxe5 21. dxe5 Be6 22. Bd4 $14 {Georgiev,V-Ferkingstad,S/
Geneve 2004/CBM 098 ext (1-0, 55). and White's advantage took more concrete
forms already.}) 7... Ne4 8. Bb2 a5 {Very originally played. Kamsky attacks
the second pawn from White's attacking formation before White consolidates his
advantage of space on that wing. If White had played c4 and only then b4, it
is possible that we would have got this position with Black's castle and some
more useful white move on the queenside, which would have made Black's
counterplay less effective.} 9. bxa5 {Strategically speaking, this is the
least ambitious reaction, after which White cannot claim a palpable advantage
any more.} ({The most principled continuation was} 9. b5 {but maybe Bacrot
felt that his development is not good enough to embark such sharp variations:}
dxc4 (9... cxb5 10. cxd5 Qxd5 11. Ng5 $14) (9... O-O 10. Qc2 $14) 10. Nxc4 (10.
Nxe4 fxe4 11. Ng5 cxb5 12. Bxe4 {looks threatening (Nxh7), but what to do after
} b4 {followed by ...c3 with a crushing advantage of space on the queenside...
for Black.}) 10... cxb5 11. Nce5 Be6 12. Qd3 b4 13. a3 bxa3 14. Bxa3 $44 {
[%cal Ye1g1,Yh1f1,Gf1b1] This is probably the critical line for the final
evaluation of Kamsky's plan.}) (9. a3 {maintains White's queenside flexibility,
but allows Black develop with gain of tempo:} axb4 10. axb4 Rxa1 11. Qxa1 Na6
12. Qa4 dxc4 $132) 9... Qxa5 10. O-O O-O 11. a4 Be6 12. cxd5 {This looks like
a further concession. White gives up his second "attacking" pawn without
producing any structural damage in Black's camp.} (12. c5 {loses a pawn to}
Nxc5) ({but} 12. Qc2 {was more consistent, for instance} Na6 13. Rfb1 Nb4 14.
Qb3 {with interesting play.}) 12... cxd5 13. Nb3 Qa6 14. Ne5 {This knight
stands well here, but does not threaten anything concrete yet.} b6 15. Qd3 Nd7
(15... Qxd3 $2 16. exd3 $16 {[%cal Ye1e7]}) 16. a5 $6 {It is questionable
whether White has an advantage here, but his last move leads to further
simplifications and absolves Black of most of his worries.} (16. Rfc1 {would
have been more natural, although it seems that Black can maintain the balance
even:} Nxe5 (16... Rfc8 17. Qxa6 Rxc1+ 18. Rxc1 Rxa6 19. Rc8+ Nf8 {might be
playable, but it certainly looks risky.}) 17. dxe5 Rfc8 18. Qxa6 Rxc1+ 19. Rxc1
Rxa6 20. f3 Nc5 21. Nxc5 bxc5 22. Rxc5 Rxa4 23. f4 Ra2 $11) 16... Rfc8 17. Qe3
{Not really consequent. I cannot see a logical connection between White's last
moves.} bxa5 18. f3 {Although the e5-knight is more stable on e5, the
necessity to resort to such a weakening move speaks for the eficiency of the
e4-knight, too.} Nef6 19. Nxa5 $6 {White's pieces will be hanging after this
careless move.} (19. Nxd7 Bxd7 20. Qxe7 $2 Qb5 $1 $19 {[%csl Yb2,Yb3]}) (19.
Rxa5 $5) 19... Qb6 20. Nd3 Bf7 {[%csl Ya5]} 21. Qd2 e5 $15 {Black is better
coordinated now and has an advantage in the centre already.} 22. Qb4 e4 23.
Qxb6 Nxb6 24. Nc5 Nfd7 25. Nab3 Nxc5 26. Nxc5 Nc4 27. Bc3 Rxa1 28. Bxa1 Bf8 29.
fxe4 dxe4 30. Bc3 Ne3 31. Ra1 Nc2 32. Rc1 Bxc5 33. dxc5 Bb3 34. e3 Rxc5 35. Bb2
Kf7 36. Kf2 Ke6 37. Bf1 Bd5 38. Be2 Rc6 39. Bd1 Nb4 {and White lost on time in
what could have been a defensible position.} 0-1